| 000 | 00334nam a2200133 a 4500 | ||
|---|---|---|---|
| 001 | 4557 | ||
| 003 | CDMR | ||
| 005 | 20130116135257.0 | ||
| 008 | 130130s1943||||||||||||||||||||||||||||d | ||
| 040 |
_aCDMR _bcat _cCDMR |
||
| 245 | 0 | _aFiesta de las letras 1942 | |
| 260 |
_aBarcelona _c1943 _bAsociación de la prensa de Barcelona |
||
| 942 | _cMON | ||
| 999 |
_c4557 _d4557 |
||